• 首页
  • 本馆介绍
  • 公告通知
  • 最新文献
  • 馆藏检索
  • 电子资源
  • 读者导购
  • 参考咨询
  • 我的图书馆
  • 登录
  • 详细信息显示
  • 放入我的书架
  • 预约/预借图书
  • 作者相关作品
  • 分类相关作品
  • 丛书相关作品
  • 出版社相关作品

书目信息

  • 表格格式
  • 工作单格式
  • 卡片格式
题名:
技术经济学
    
 
作者: 肖鹏 编著
分册:  
出版信息: 北京   对外经济贸易大学出版社  2013
页数: 322页
开本: 26cm
丛书名:
单 册:
中图分类: F062.4
科图分类:
主题词: 技术经济学--高等学校--教材 , 技术经济学
电子资源:
ISBN: 978-7-5663-0632-6
000 00932nam0 2200253 450
001 523
005 20140908150936.60
010    @a978-7-5663-0632-6@dCNY37.00
100    @a20130722d2013 em y0chiy50 ea
101 0  @achi
102    @aCN@b110000
105    @ay z 000yy
106    @ar
200 1  @a技术经济学@AJi Shu Jing Ji Xue@f肖鹏编著@FXiao Peng Bian Zhu
210    @a北京@c对外经济贸易大学出版社@d2013
215    @a322页@d26cm
300    @a高等院校经济学专业“十二五”规划教材
330    @a本书系统全面地介绍了技术经济学的基本原理和基本方法及其在建设项目技术经济分析、设备更新分析、技术进步及技术创新中的应用。主要内容包括:资金的时间价值,技术经济分析的基本方法,风险与不确定性分析,多方案的比较与选择等。
606 0  @a技术经济学@x高等学校@j教材
606 0  @a技术经济学
690    @aF062.4@v5
701  0 @a肖鹏@AXiao Peng@f(1979.1~)@4编著
801  0 @aCN@bTANGWEI@c20140603
905    @b0837703-05@dF062.4@e121@f3
    
    技术经济学/肖鹏编著.-北京:对外经济贸易大学出版社,2013
    322页;26cm
    高等院校经济学专业“十二五”规划教材
    
    ISBN 978-7-5663-0632-6:CNY37.00
    本书系统全面地介绍了技术经济学的基本原理和基本方法及其在建设项目技术经济分析、设备更新分析、技术进步及技术创新中的应用。主要内容包括:资金的时间价值,技术经济分析的基本方法,风险与不确定性分析,多方案的比较与选择等。
●
相关链接 在E读中查询图书 在五车中查询图书 在当当中查询图书 在豆瓣中查询图书


正题名:技术经济学     索取号:F062.4/121         预约/预借

序号 登录号 条形码 馆藏地/架位号 状态 备注
1 0837703   208377031   第一样本阅览室/ [索取号:F062.4/121] 在馆    
2 0837704   208377040   第一借阅区/ [索取号:F062.4/121] 在馆    
3 0837705   208377059   密集书库-海洋学院/ [索取号:F062.4/121] 在馆    
唐山师范学院图书馆 欢迎您!
大连网信软件有限公司© 版权所有